Meeting the challenge of changing banking conditions.

Bibliographic Details
Main Author: McKernan, Nelson Miles, 1890-
Format: Book
Language:English
Published: Cambridge, Mass. : Bankers Pub. Co., 1947.
Subjects:

MARC

Tag First Indicator Second Indicator Subfields
LEADER 00000cam a2200000 4500
001 in00000056246
005 20151008052416.0
008 750903s1947 mau b 00000 eng
010 |a  47005402  
035 |a (OCoLC)01593551 
035 |9 AAH3202AM 
040 |a DLC  |c DZM  |d TXA  |d UtOrBLW 
049 |a TXAM  |c [146976] 
050 0 0 |a HG2481  |b .M242 
082 0 |a 332.1 
092 |a 332.1  |b M157m 
100 1 |a McKernan, Nelson Miles,  |d 1890- 
245 1 0 |a Meeting the challenge of changing banking conditions. 
264 1 |a Cambridge, Mass. :  |b Bankers Pub. Co.,  |c 1947. 
300 |a 240 pages :  |b form. ;  |c 24 cm. 
336 |a text  |b txt  |2 rdacontent 
337 |a unmediated  |b n  |2 rdamedia 
338 |a volume  |b nc  |2 rdacarrier 
500 |a Cover title: Changing banking conditions. 
504 |a Bibliography: pages 239-240. 
650 0 |a Banks and banking  |z United States. 
740 0 |a Changing banking conditions. 
999 |a MARS 
999 f f |s 167bfc04-29ef-3efe-88f3-41a3c878629a  |i f6db54c0-2e0e-3fdb-9a1b-d60e3843e208  |t 0 
952 f f |p ric  |a Texas A&M University  |b Rellis Campus  |c Joint Library Facility  |d Remote Storage  |t 0  |e HG2481 .M242  |h Library of Congress classification  |i unmediated -- volume  |m A14800728613 
998 f f |a HG2481 .M242  |t 0  |l Remote Storage